Ореховият Буда (Запис номер 491930)
[ съкратено ]
| 000 -Лидер | |
|---|---|
| Контролно поле с фиксирана дължина | 01234nam a2200289 a 4500 |
| 003 - Код на организацията, давaща контролен номер | |
| Контролно поле | BLK |
| 005 - Дата и час на последна редакция | |
| Контролно поле | 20250726100704.0 |
| 008 - Елементи от данни с фиксирана дължина | |
| fixed length control field | 230329b bu |||||||||| 00| | bu d |
| 020 ## - Международен стандартен номер на книга ISBN | |
| Международен стандартен номер на книга ISBN | 9789543652822 |
| Поясняваща информация | 978-954-365-282-2 |
| 040 ## - Източник на каталожния запис | |
| Идентификатор на билиотеката - собственик на записа | BLK |
| 041 ## - Код за език | |
| Код за езика на текст/звукозапис или на отделно заглавие | Български |
| Код за езика КДБФ | Български |
| 080 ## - УДК | |
| Текстов определител УДК | Руска литература |
| УДК код - определител по УДК | 821.161.1 |
| УДК определител | -32 |
| УДК - код + определител | 821.161.1-32 |
| 100 ## - Редна дума - Автор | |
| R(LIN) | 1299 |
| Автор | Акунин, Борис |
| Авторска отговорност | първи автор |
| Пълна форма на името | Чхартишвили, Григорий Шалвович |
| 139 ## - Редно поле | |
| Редна дума | Акунин, Борис |
| Авторски знак | Акт - А 45 |
| 245 ## - Сведения за заглавието | |
| Заглавие | Ореховият Буда |
| Редно поле (дума) | Борис Акунин ; прев. Денис Коробко. |
| 257 ## - Страна на издаване | |
| Страна на създаване/издаване | Русия |
| 260 ## - Област на издателските данни | |
| 9 (RLIN) | 209519 |
| Място на издаване, разпространение и проч. | София |
| Име на издателя, разпространителя и проч. | Еднорог |
| Година на издаване | 2023 |
| Издателство - префикс ISBN | 978-954-365- ; 954-9745- |
| Печатница | София: Миг принт |
| 300 ## - Физическа характеристика | |
| Страници | 287 с. |
| Размери/Мащаб | 20 см |
| 380 ## - Жанр | |
| Жанр | Худож. лит. |
| 500 ## - Общи забележки | |
| Забележка | Ориг. загл.: Ореховый Будда / B. Akunin<br/>Борис Акунин - псевд. на авт. Григорий Шалвович Чхартишвили |
| 700 ## - Други автори (авторска отговорност) | |
| 9 (RLIN) | 966 |
| Лично име | Коробко, Денис Иванович |
| Автороска отговорност (Описва отношението между автора и произведението) | прев. |
| 852 ## - Местоположение | |
| Форматна сигнатура | Цб 319911 |
| Фондова буква | Хранилище |
| 856 ## - Електронен адрес и достъп | |
| Инструкция (цена за достъп) | 0.00 |
| Права за достъп | disable |
| 942 ## - АРТИКУЛИ | |
| Вид на библиотечния материал | Книги |
| Скрит в OPAC | Не |
| Периодичен библиозапис | Да |
| Koha issues (borrowed), all copies | 21 |
| 944 ## - СЪЗДАВАНЕ И РЕДАКЦИЯ на ЗАПИСА | |
| Създаване/Редакция | Създаване |
| Служител, извършил регистрацията/редакцията | 30575 |
| Статус, дата на статуса | Мартин Енчев |
| 944 ## - СЪЗДАВАНЕ И РЕДАКЦИЯ на ЗАПИСА | |
| Създаване/Редакция | Редакция |
| Служител, извършил регистрацията/редакцията | М.Я. |
| 999 ## - СИСТЕМНИ КОНТРОЛНИ НОМЕРА | |
| Koha biblionumber | 491930 |
| Koha biblioitemnumber | 491930 |
| Код за отписване | Код за изгубен артикул | Източник на класификационната схема | Код за повреда | Код за отдаване | Артикулен № | Име на библиотеката - собственик | Име на библиотеката, в която се намира в момента | Статус (Текущо местоположение) | Дата на вписване в системата | Местоположение - отдел | Цена в лева | Инвентарен номер | Систематично азбучна сигнатура | Баркод | Цена в евро | Служебен тип на артикула |
|---|---|---|---|---|---|---|---|---|---|---|---|---|---|---|---|---|
| Не е изгубен | Universal Decimal Classification | Не е повреден | заемане за дома | 929164 | Регионална библиотека "Любен Каравелов" Русе | Регионална библиотека "Любен Каравелов" Русе | Заемна - подръчен фонд | 2023-06-27 | Заемна - подръчен фонд | 16.07 | 120000888360 | 821.163.1-31/А 45 Б | 120000888360 | 8.22 | Книги | |
| Не е изгубен | Universal Decimal Classification | Не е повреден | заемане за дома | 929165 | Регионална библиотека "Любен Каравелов" Русе | Регионална библиотека "Любен Каравелов" Русе | Заемна - подръчен фонд | 2023-06-27 | Заемна - подръчен фонд | 16.07 | 120000888359 | 821.163.1-31/А 45 Б | 120000888359 | 8.22 | Книги | |
| Не е изгубен | Universal Decimal Classification | Не е повреден | ползва се в читалня | 935482 | Регионална библиотека "Любен Каравелов" Русе | Регионална библиотека "Любен Каравелов" Русе | Хранилище | 2023-11-01 | Хранилище | 22.95 | 120000894572 | Цб 319911 | 120000894572 | 11.73 | Книги |